000 00989nam a22002537a 4500
005 20170124102939.0
010 _aA-975424
020 _c100.00
_a8170561566
035 _aA-975424
037 _bCen Lib/Ret
040 _aDPL
_bHN
082 _a827
_bसरमा
100 _aसरमा, पूरन
_948039
245 _aअफसर की गाय /
_cपुरन सरमा
246 _aAfsar ki gay /
_bby Pooran Sarma
260 _aजयपुर
_bपंचशील प्रकाशन
_c1999
270 _aफिल्म कॉलोनी, चौड़ा रास्ता
_bजयपुर
300 _a168पृ.
_c21सेमी (सजिल्द)
650 _aहिन्दी साहित्य
_948040
650 _aहिन्दी साहित्य--कहानिया
_946379
650 _aHindi Literature
_948041
650 _aHindi Literature--Stories
_948042
942 _2ddc
_cHN
_h827
_mसरमा
999 _c112499
_d112499